Eukaryotic cells - Biology AQA GSCE - Statistics

General Stats
  • This quiz has been taken 32 times
  • The average score is 3 of 11
Answer Stats
Hint Answer % Correct
Where is energy released through repiration? (animal) Mitochondria
74%
Where is the site of protein synthesis? (animal) Ribosomes
74%
What do chloroplasts contain? (plant) Chlorophyll
59%
What is made from cellulose? (plant) Cell wall
48%
What does the permanent vacuole contain? (plant) Cell sap
26%
What does the cell membrane do? (animal) Controls the movement of substances
11%
What is in cytoplasm? (animal) Jelly-like substance
11%
What does cellulose do? (plant) Strengthens the cell
11%
What does the nucleus contain? (animal) Contains DNA
7%
What do chloroplasts do? (plant) Absorb light energy for photosynthesis
4%
What happens in cytoplasm? (animal) Where chemical reactions happen
4%
No matching quizzes found
Score Distribution
Percent of People with Each Score
Percentile by Number Answered
Your Score History
You have not taken this quiz